Geology and ore deposits of the Garfield quadrangle, Colorado / (Record no. 29148)

MARC details
000 -LEADER
fixed length control field 01255cam a22003131i 4500
001 - CONTROL NUMBER
control field gs 57000161
003 - CONTROL NUMBER IDENTIFIER
control field DLC
005 - DATE AND TIME OF LATEST TRANSACTION
control field 20260227111405.0
008 - FIXED-LENGTH DATA ELEMENTS--GENERAL INFORMATION
fixed length control field 780317s1957 dcuab b f000 0 eng
010 ## - LIBRARY OF CONGRESS CONTROL NUMBER
LC control number gs 57000161
035 ## - SYSTEM CONTROL NUMBER
System control number (OCoLC)3727048
040 ## - CATALOGING SOURCE
Original cataloging agency DLC
Transcribing agency OClU
Modifying agency ISS
-- OCoLC
-- DLC
043 ## - GEOGRAPHIC AREA CODE
Geographic area code n-us-co
050 00 - LIBRARY OF CONGRESS CALL NUMBER
Classification number QE75
Item number .P9 no. 289
051 ## - LIBRARY OF CONGRESS COPY, ISSUE, OFFPRINT STATEMENT
Classification number QE92.G3
Item number D5
086 0# - GOVERNMENT DOCUMENT CLASSIFICATION NUMBER
Classification number I 19.16:289
100 1# - MAIN ENTRY--PERSONAL NAME
Personal name Dings, McClelland G.
Fuller form of name (McClelland Griffith),
Dates associated with a name 1902-
245 00 - TITLE STATEMENT
Title Geology and ore deposits of the Garfield quadrangle, Colorado /
Statement of responsibility, etc. by McClelland G. Dings and Charles S. Robinson. Prepared in cooperation with the Colorado Metal Mining Fund.
260 ## - PUBLICATION, DISTRIBUTION, ETC.
Place of publication, distribution, etc. Washington :
Name of publisher, distributor, etc. U.S. Govt. Print. Off.,
Date of publication, distribution, etc. 1957.
300 ## - PHYSICAL DESCRIPTION
Extent 110 p. :
Other physical details ill., maps (part col.) ;
Dimensions 29 cm.
410 20 - SERIES STATEMENT/ADDED ENTRY--CORPORATE NAME [OBSOLETE, CAN/MARC], [LOCAL, USA]
Corporate name or jurisdiction name as entry element Geological Survey (U.S.).
Title of a work Professional paper ;
Volume number/sequential designation 289
500 ## - GENERAL NOTE
General note Part of illustrative matter folded in pocket.
504 ## - BIBLIOGRAPHY, ETC. NOTE
Bibliography, etc. note Bibliography : p. 107.
650 #0 - SUBJECT ADDED ENTRY--TOPICAL TERM
Topical term or geographic name entry element Geology
Geographic subdivision Colorado
-- Chaffee County.
650 #0 - SUBJECT ADDED ENTRY--TOPICAL TERM
Topical term or geographic name entry element Geology
Geographic subdivision Colorado
-- Gunnison County.
650 #0 - SUBJECT ADDED ENTRY--TOPICAL TERM
Topical term or geographic name entry element Mines and mineral resources
Geographic subdivision Colorado
-- Chaffee County.
650 #0 - SUBJECT ADDED ENTRY--TOPICAL TERM
Topical term or geographic name entry element Mines and mineral resources
Geographic subdivision Colorado
-- Gunnison County.
700 1# - ADDED ENTRY--PERSONAL NAME
Personal name Robinson, Charles Sherwood,
Dates associated with a name 1920-
Relator term joint author.

No items available.

Powered by Koha